| 000 | 00870nam a22002177a 4500 | ||
|---|---|---|---|
| 001 | 7055 | ||
| 003 | FISKH | ||
| 005 | 20250619135538.0 | ||
| 008 | 250619b cb ||||| |||| 00| 0 eng d | ||
| 040 |
_aFISKH _beng _cFISKH _dFISKH |
||
| 050 | _aPZ7 | ||
| 082 | _a609 | ||
| 100 | _aLlewellyn, Claire | ||
| 245 |
_aGreat inventions : _bDisney's the wonderful world of knowledge / |
||
| 260 |
_aUnited Kingdom : _bPaper View Group, _c2010. |
||
| 300 |
_a57 pages : _bcolor illustrations ; _c26 cm |
||
| 520 | _a"Every day someone somewhere thinks of a new idea that improves the way we live, for example a new drug to treat a disease, faster computers to make our work easier or lighter sportswear to improve our leisure time." --Back cover. | ||
| 650 |
_aHistory of Technology _vEngineering & Innovation _xInvention Profiles |
||
| 942 |
_2ddc _cBK _n0 |
||
| 999 |
_c7055 _d7055 |
||